ARRUPE JESUIT UNIVERSITY

CORONAVIRUS -STOP THE SPREAD - CLEAN,DISINFECT,COVER

Derrida / (Record no. 124203)

MARC details
000 -LEADER
fixed length control field 00786pam a2200265 a 4500
001 - CONTROL NUMBER
control field 4786850
003 - CONTROL NUMBER IDENTIFIER
control field ARRUPE
005 - DATE AND TIME OF LATEST TRANSACTION
control field 20160223094922.0
008 - FIXED-LENGTH DATA ELEMENTS--GENERAL INFORMATION
fixed length control field 870824s1987 mau b 001 0 eng
010 ## - LIBRARY OF CONGRESS CONTROL NUMBER
LC control number 87022922
020 ## - INTERNATIONAL STANDARD BOOK NUMBER
International Standard Book Number 0674198247 (pbk. : alk. paper)
020 ## - INTERNATIONAL STANDARD BOOK NUMBER
International Standard Book Number 0674198239 (hard : alk. paper)
040 ## - CATALOGING SOURCE
Original cataloging agency DLC
Transcribing agency DLC
Modifying agency DLC
050 00 - LIBRARY OF CONGRESS CALL NUMBER
Classification number B2430.D484
Item number N66 1987
082 00 - DEWEY DECIMAL CLASSIFICATION NUMBER
Classification number 194
Edition number 19
300 ## - PHYSICAL DESCRIPTION
Dimensions 21 cm.
100 1# - MAIN ENTRY--PERSONAL NAME
Personal name Norris, Christopher,
Dates associated with a name 1947-
9 (RLIN) 19394
245 10 - TITLE STATEMENT
Title Derrida /
Statement of responsibility, etc Christopher Norris.
260 ## - PUBLICATION, DISTRIBUTION, ETC. (IMPRINT)
Place of publication, distribution, etc Cambridge
Name of publisher, distributor, etc Harvard University Press,
Date of publication, distribution, etc 1987.
300 ## - PHYSICAL DESCRIPTION
Extent 271 p. ;
500 ## - GENERAL NOTE
General note Includes index.
504 ## - BIBLIOGRAPHY, ETC. NOTE
Bibliography, etc Bibliography: p. 257-263.
600 10 - SUBJECT ADDED ENTRY--PERSONAL NAME
Personal name Derrida, Jacques.
9 (RLIN) 22385
906 ## - LOCAL DATA ELEMENT F, LDF (RLIN)
a 7
b cbc
c orignew
d 1
e ocip
f 19
g y-gencatlg
942 ## - ADDED ENTRY ELEMENTS (KOHA)
Source of classification or shelving scheme Library of Congress Classification
Koha item type Monograph ( Printed materials)
Holdings
Withdrawn status Lost status Source of classification or shelving scheme Damaged status Not for loan Collection code Home library Current library Shelving location Date acquired Total Checkouts Full call number Barcode Date last seen Date checked out Price effective from Koha item type
    Library of Congress Classification     Main Collection ARRUPE LIBRARY ARRUPE LIBRARY Main Collection 23/02/2016 1 B2430.D484N66 1987 46500006774 02/02/2018 22/01/2018 23/02/2016 Monograph ( Printed materials)

 

Arrupe Library. PO Box MP320 Mt Pleasant, Harare, Zimbabwe
263 242 745411|librarian@aju.ac.zw